000 00399nam a22001697a 4500
003 SGT
020 _a9781608318049
082 _a610.72
_bD07H
100 _aHulley, Stephan B... [et al.]
245 _aDesigning Clinical Research
250 _a4th
260 _bWolters Kluwer
_c2007
300 _a367
650 _aClinical Research
653 _aResearch; Clinical Research
942 _2ddc
_cBK
999 _c22683
_d22683